Deducción de la indemnización por despido en el impuesto a las ganancias (Registro nro. 15233)
[ vista simple ]
| 000 -LEADER | |
|---|---|
| fixed length control field | 00350 a2200109 4500 |
| 001 - CONTROL NUMBER | |
| control field | ART_18429 |
| 005 - DATE AND TIME OF LATEST TRANSACTION | |
| control field | 20260410161702.0 |
| 008 - FIXED-LENGTH DATA ELEMENTS--GENERAL INFORMATION | |
| fixed length control field | 260409a |
| 100 1# - MAIN ENTRY--PERSONAL NAME | |
| Personal name | Colaneri, Horacio A. |
| 245 10 - TITLE STATEMENT | |
| Title | Deducción de la indemnización por despido en el impuesto a las ganancias |
| 773 0# - HOST ITEM ENTRY | |
| Title | Revista Impuestos |
| Related parts | - Nº 4 (abr. 2012) |
| Record control number | REV639 |
No hay ítems disponibles.